Leyes penales mexicanas 2 /

Obra en cinco volúmenes que mediante la presentación de los códigos penales de algunos estados y del país, así como de sus proyectos de reforma, da cuenta de la evolución de la normatividad penal mexicana y de las corrientes y preocupaciones que la han guiado en cada momento, desde los primeros años...

Descripció completa

Guardat en:
Dades bibliogràfiques
Autor corporatiu: México
Format: Llibre
Idioma:espanyol
Matèries:
Etiquetes: Afegir etiqueta
Sense etiquetes, Sigues el primer a etiquetar aquest registre!

MARC

LEADER 00000nam^a2200000^a^4500
001 000184889
005 20250521000000.0
009 20260310102130.483
037 |a Acervo ITESO - Biblioteca 
041 |a ESP 
082 |a 345. 72  |b MEX INACIPE V. 2 
110 |a México 
240 1 1 |a [Leyes penales mexicanas] 
245 1 0 |a Leyes penales mexicanas 2 / 
264 |a México :  |b Instituto Nacional de Ciencias Penales,  |c 1979 
300 |a 463 p. 
336 |a texto  |b txt  |2 rdacontenido 
337 |a sin mediación  |b n  |2 rdamedio 
338 |a volumen  |b nc  |2 rdasoporte 
520 |a Obra en cinco volúmenes que mediante la presentación de los códigos penales de algunos estados y del país, así como de sus proyectos de reforma, da cuenta de la evolución de la normatividad penal mexicana y de las corrientes y preocupaciones que la han guiado en cada momento, desde los primeros años de vida independiente hasta nuestros días. 
649 |a XX 
650 |a Reforma Jurídica -  |z México -  |x Historia -  |y Siglo XX 
650 |a Derecho Penal -  |z México -  |x Leyes y Reglamentos 
650 |a México -  |x Leyes y Reglamentos 
650 |a México -  |x Historia -  |y Siglo XIX 
650 |a México -  |x Historia -  |y Siglo XX 
910 |a Fondo General 
920 |a Impresos - Libros 
930 |a Colección General 
905 |a 101 
901 |a 0500126040  |b IT1  |c ACC  |u 20250521 
902 |a https://opac.biblio.iteso.mx/vufind/Record/000184889